| 000 | 00906cam a2200289 4500 | ||
|---|---|---|---|
| 001 | 1724068 | ||
| 003 | OSt | ||
| 005 | 20140310181650.0 | ||
| 008 | 731003s1974 nyua j 000 1 eng | ||
| 010 | _a 73017309 | ||
| 020 | _a0140329447 | ||
| 040 |
_aDLC _cDLC _dDLC |
||
| 042 | _alcac | ||
| 050 | 0 | 0 |
_aPZ7.R1817 _bFi |
| 051 |
_aPZ 7 _b.R225 1989 |
||
| 082 | 0 | 0 |
_aKF _bR18f 1974 |
| 100 | 1 |
_aRaskin, Ellen. _95947 |
|
| 245 | 1 | 0 |
_aFiggs & phantoms. / _cRaskin, Ellen. |
| 260 |
_aNew York, _bE. P. Dutton _cc1974. |
||
| 300 |
_a152 p. _bill. ; _c24 cm. |
||
| 520 | _aChronicles the adventures of the unusual Figg family after they left show business and settled in the town of Pineapple. | ||
| 541 | _j1 | ||
| 562 | _efor circulation. 1 copy available in the collection | ||
| 650 | 1 |
_aFamily life _xFiction. _95948 |
|
| 906 |
_a7 _bcbc _corignew _d1 _eocip _f19 _gy-gencatlg |
||
| 942 |
_2lcc _cBK-KF _kKF |
||
| 999 |
_c969 _d969 |
||